| 000 | 00861nam a22002057a 4500 | ||
|---|---|---|---|
| 999 |
_c196380 _d196380 |
||
| 005 | 20230703105917.0 | ||
| 010 | _aB-755140-159 CHEN 25.5.23 | ||
| 020 |
_a9788123765006 _c180.00 |
||
| 035 | _aB-755140-159 | ||
| 037 | _bNational Book Trust,India | ||
| 082 | _aS | ||
| 100 | _aWhitaker,Zai | ||
| 245 |
_aMagic Islands / _cby Zai Whitaker |
||
| 260 |
_aNew Delhi _bNational Book Trust,India _c2020(repr.) |
||
| 270 |
_aNehru Bhawan, 5 Institutional Area, Phase-II Vasant Kunj, New Delhi _bNew Delhi _e110070 |
||
| 300 |
_a107p. _c23cm(pbk) _bcol.ill |
||
| 490 | _aNehru Bal Pustakalaya | ||
| 942 |
_cCH _2ddc _mWHI _k _hS |
||